000 00430 a2200169 4500
001 174833
020 _a85-322-4552-8
040 _cMagnum
100 _aRocha, Ruth
240 1 0 _aO velho, o menino e o burro e outras histórias caipiras
_lpor
245 1 0 _aO velho, o menino e o burro e outras histórias caipiras
300 _a32
362 0 _a2006
440 1 _aFTD
697 _aLITERATURA INFANTO-JUVENIL
942 _cBK
999 _c174833
_d174833